[Event "Madeira AEJ op 11th"]
[Site "Sao Joao da Madeira"]
[Date "2014.10.11"]
[Round "6"]
[White "Pires, Igor Tiago Duarte"]
[Black "Nogueira, Diana Sofia Cunha"]
[Result "1-0"]
[WhiteElo "1856"]
[BlackElo "1559"]
[PlyCount "39"]
[EventDate "2014.10.04"]
[EventType "swiss"]
[EventRounds "7"]
[EventCountry "POR"]
[SourceTitle "EXT 2018"]
[Source "ChessBase"]
[SourceDate "2017.10.13"]
[SourceVersion "1"]
[SourceVersionDate "2017.10.13"]
[SourceQuality "1"]

1. e4 e5 2. Nf3 Nc6 3. d4 exd4 4. Bc4 h6 5. 0-0 d6 6. Nxd4 Nxd4 7. Qxd4 Qf6 8. Qd3 Ne7 9. Nc3 c6 10. Be3 Ng6 11. f4 b5 12. Bb3 a5 13. Nxb5 cxb5 14. Qxb5+ Bd7 15. Qb7 Rc8 16. Ba4 Qd8 17. Bb6 Rb8 18. Bxd7+ Qxd7 19. Qxb8+ Ke7 20. e5 1-0

[Event "Madeira AEJ op 11th"]
[Site "Sao Joao da Madeira"]
[Date "2014.10.05"]
[Round "2"]
[White "Pinto, Artur Daniel Moreir"]
[Black "Pires, Igor Tiago Duarte"]
[Result "0-1"]
[WhiteElo "1577"]
[BlackElo "1856"]
[PlyCount "66"]
[EventDate "2014.10.04"]
[EventType "swiss"]
[EventRounds "7"]
[EventCountry "POR"]
[SourceTitle "EXT 2018"]
[Source "ChessBase"]
[SourceDate "2017.10.13"]
[SourceVersion "1"]
[SourceVersionDate "2017.10.13"]
[SourceQuality "1"]

1. e4 c5 2. Nf3 d6 3. d4 cxd4 4. Nxd4 Nf6 5. Nc3 a6 6. Be2 e5 7. Nb3 Be6 8. Bg5 Nbd7 9. Nd5 h6 10. Nxf6+ Nxf6 11. Bxf6 Qxf6 12. Na5 b5 13. 0-0 Qd8 14. b4 Qb6 15. a3 Be7 16. c4 Rc8 17. Rc1 0-0 18. Bg4 Bg5 19. Bxe6 fxe6 20. Rc3 bxc4 21. Rxc4 Rxc4 22. Nxc4 Qc6 23. Qd3 Rc8 24. Ne3 Kh7 25. g3 Qc3 26. Rd1 Qb2 27. Nc4 Qa2 28. Nxd6 Rc2 29. Rf1 Rd2 30. Qxa6 Be3 31. Qc4 Bxf2+ 32. Kh1 Qxa3 33. Qxe6 Qf3# 0-1